| 000 | 00649nam a22002057a 4500 | ||
|---|---|---|---|
| 005 | 20180129150805.0 | ||
| 010 | _aENG-122166 | ||
| 020 |
_a9780199474639 _c750.00 |
||
| 035 | _aEN-105698 | ||
| 037 | _bDBAD/PUB | ||
| 082 | _a950 | ||
| 100 | _aMenon, Meena | ||
| 245 |
_aA frayed history : _cby Meena menon and uzramma _bthe journey of cotton in india / |
||
| 260 |
_aNew Delhi _bOxford University Press _c2017 |
||
| 270 |
_a2/11 Ground Floor, Ansari Road, Daryaganj _bNew Delhi _e110002 |
||
| 300 |
_a383p. _c24cm |
||
| 500 | _aincludes Bibliography reference and index | ||
| 700 | _dUzramma | ||
| 942 |
_2ddc _cEN _h950 _mMEN |
||
| 999 |
_c149567 _d149567 |
||